Statistiques concernant préjugés sur les Québécois

Cliquez ici pour prendre le quiz!

Statistiques générales

  • Ce quiz a été pris 437 fois
    (410 depuis la dernière actualisation)
  • Le résultat moyen est 3 sur 7

Statistiques - réponses

indiceréponse% Correct
Les québécois portent tous des chemise à ...carreaux
91%
Tous les Québécois se nourrissent de ...poutine
74%
Les québécois ne sont pas capables de faire une phrase sans...sacré
63%
Les Québécois voient cet animal tous les joursorignal
49%
Les québécois se déplacent toutes en ...moto-neige
23%
Les Québécois vivent sous...terre
18%
Les Québécois habitent tous dans des ...tipis
14%

Distribution des résultats

Percentile par nombre de réponses

% des personnes avec chaque résultat

Votre développement - résultats

Vous n’avez pas pris ce quiz depuis la dernière actualisation